Score 0/24 Timer 05:00
11 Plays Today
% Correct
Bob Dylan
94%
Sidney Poitier
92.3%
Audrey Hepburn
91.1%
Paul Newman
90.2%
Steve McQueen
89.8%
Adam West
89.8%
Diana Ross
86.3%
Otis Redding
83%
Omar Sharif
82.3%
Peter O'Toole
80.8%
David Crosby
80%
Bob Denver
79.2%
% Correct
Jean-Paul Belmondo
77.6%
Grace Slick
76.9%
Dionne Warwick
75.5%
Peter Tork
75.1%
Joan Baez
74.8%
Martha Reeves
73.7%
Smokey Robinson
71.3%
Mary Travers
70.7%
Jean Seberg
69.3%
Sam Cooke
67.5%
Ray Davies
66.9%
Peter Noone
66%
Remove Ads.
Support Sporcle.
Get the best of Sporcle when you Go Orange. This ad-free experience offers more features, more stats, and more fun while also helping to support Sporcle. Thank you for becoming a member.

You're not logged in!

Compare scores with friends on all Sporcle quizzes.
OR
Log In

Show Comments

Extras

Top Quizzes Today


Score Distribution

Your Account Isn't Verified!

In order to create a playlist on Sporcle, you need to verify the email address you used during registration. Go to your Sporcle Settings to finish the process.

Report this User

Report this user for behavior that violates our Community Guidelines.

Details: